00650nam a22001457a 4500999001700000100007200017245010400089260002700193300000700220700004200227856003200269942001100301952009000312952010200402 c65834d65831 aZahid Hussaina16MIEM05aSupervisor - Prof. Dr. Abdul Sattar Jamali aImpact of ISO 9000 on Operational and Business Performance of Pakistan Machine Tool Factory Karachi aNawabshahbQUESTc2019 a63 aDepartment of Mechanical Engineering  uhttp://tinyurl.com/mryufp5e cTHESIS 00104070aRESEARCHbRESEARCHd2019-10-10l0pMP/48-570r2019-10-10 00:00:00yTHESIS 00104070aRESEARCHbRESEARCHd2023-12-20l0pMP/44-506r2023-12-20 00:00:00w2023-12-20yTHESIS